Ekonomické časové rady v programovacom jazyku Python diplomová práca

Salvato in:
Dettagli Bibliografici
Autore principale: Paulovič, Radovan
Ente Autore: Fakulta hospodárskej informatiky EU. Katedra štatistiky
Altri autori: Komara, Silvia, 1985-
Natura: Libro
Lingua:slovacco
Pubblicazione: Bratislava 2022
Tags: Aggiungi Tag
Nessun Tag, puoi essere il primo ad aggiungerne!!

MARC

LEADER 00000nbm a2200000 4500
001 0286012
005 20230206095057.9
041 0 |a slo 
044 |a SK 
245 1 0 |a Ekonomické časové rady v programovacom jazyku Python  |b diplomová práca  |c Radovan Paulovič ; školiteľ: Silvia Komara 
264 1 |a Bratislava  |c 2022 
300 |a 86 s. 
100 1 |a Paulovič, Radovan 
700 1 |a Komara, Silvia, 1985- 
710 2 |a Fakulta hospodárskej informatiky EU. Katedra štatistiky